| 000 | 00473nam a2200193Ia 4500 | ||
|---|---|---|---|
| 005 | 20240823033158.0 | ||
| 008 | 240823s9999||||xx |||||||||||||| ||und|| | ||
| 020 | _a81-87134-32-1 | ||
| 041 | _aENGLISH | ||
| 082 | _A541 Q2 | ||
| 100 | _aAmalendu Ghoshal | ||
| 245 | 0 | _aNumerical Problems on Physical Chemistry | |
| 250 | _a6th | ||
| 260 |
_c2012 _bBooks and Allied (P |
||
| 500 | _aYES | ||
| 650 |
_aPhysical Chemistry _bChemistry |
||
| 942 | _cBK | ||
| 999 |
_c195197 _d195197 |
||